On the correction of the Donatists

Saved in:  
Bibliographic Details
Contributors: King, J.R. (Contributor)
Format: Print Article
Language:Undetermined language
Check availability: HBZ Gateway
Interlibrary Loan:Interlibrary Loan for the Fachinformationsdienste (Specialized Information Services in Germany)
Published: 19XX
In: The works of Aurelius Augustine, Bishop of Hippo ; Vol. 3: @Writings in connection with the Donatist controversy
Pages: 479-520
Further subjects:B Augustinus, Aurelius Saint (354-430) De correctione Donatistarum

MARC

LEADER 00000caa a22000002c 4500
001 1827355654
003 DE-627
005 20221219101637.0
007 tu
008 221215n19uuuuuuxx ||||| 00| ||und c
035 |a (DE-627)1827355654 
035 |a (DE-599)KXP1827355654 
040 |a DE-627  |b ger  |c DE-627  |e rakwb 
084 |a 1  |2 ssgn 
245 0 0 |a On the correction of the Donatists 
264 1 |c 19XX 
336 |a Text  |b txt  |2 rdacontent 
337 |a ohne Hilfsmittel zu benutzen  |b n  |2 rdamedia 
338 |a Band  |b nc  |2 rdacarrier 
500 |a Edition (englische Übersetzung);zu ep. 185 
600 1 7 |0 (DE-588)4351639-7  |0 (DE-627)702601047  |0 (DE-576)21153126X  |a Augustinus, Aurelius  |c Heiliger  |d 354-430  |t De correctione Donatistarum  |2 gnd 
700 1 |a King, J.R.  |e MitwirkendeR  |4 ctb 
773 0 8 |i Enthalten in  |a Augustinus, Aurelius, 354 - 430  |t The works of Aurelius Augustine, Bishop of Hippo ; Vol. 3: @Writings in connection with the Donatist controversy  |d Edinburgh : Clark, 1872  |d Edinburgh  |g , Seite 479-520  |h XIV, 530 S  |w (DE-627)146642228  |7 nnam 
773 1 8 |g pages:479-520 
935 |a AUGU 
951 |a AR 
ELC |b 1 
LOK |0 000 xxxxxcx a22 zn 4500 
LOK |0 001 4232431055 
LOK |0 003 DE-627 
LOK |0 004 1827355654 
LOK |0 005 20221223071252 
LOK |0 008 221215||||||||||||||||ger||||||| 
LOK |0 035   |a (DE-Tue135-4)zaf-14662 
LOK |0 040   |a DE-Tue135-4  |c DE-627  |d DE-Tue135-4 
LOK |0 092   |o n 
LOK |0 689   |a t  |0 1826897348  |t De correctione Donatistarum (= ep. 185) = correct.  |x 00 
LOK |0 852   |a DE-Tue135-4 
LOK |0 852 1  |9 00 
LOK |0 935   |a wumi 
LOK |0 939   |a 15-12-22  |b l01 
ORI |a SA-MARC-ixtheoa001.raw 
SYA 0 0 |a Augustinus, Aurelius,Heiliger,354-430,Epistula 185,Augustinus, Aurelius,Heiliger,354-430,Correct.